000
00291nam a2200097Ia 4500
082
_a
MERM-PCRL-PEZL
245
0
_a
Ndzheko wa rixaka [Tsonga]
100
_a
NGOBENI, Bruce Mikhomazi Elim Hospital, South Africa, 2006
_9
45132
942
_c
BK
008
210817s9999 xx 000 0 und d
999
_c
149485
_d
149484